Imágenes de la Virgen en los códices medievales de España / (Record no. 175660)

MARC details
000 -LEADER
campo de control de longitud fija 00847nam a2200253 i 4500
001 - NÚMERO DE CONTROL
campo de control 175660
003 - IDENTIFICADOR DE NÚMERO DE CONTROL
campo de control ES-MaACL
005 - FECHA Y HORA DE LA ÚLTIMA TRANSACCIÓN
campo de control 20230906215903.0
007 - CAMPO FIJO DE DESCRIPCIÓN FÍSICA--INFORMACIÓN GENERAL
campo de control de longitud fija t|
008 - DATOS DE LONGITUD FIJA--INFORMACIÓN GENERAL
campo de control de longitud fija 101116s1973 sp a ||||1| spa d
020 ## - NÚMERO INTERNACIONAL ESTÁNDAR DEL LIBRO
Número Internacional Estándar del Libro 84-369-0303-X
080 ## - NÚMERO DE LA CLASIFICACIÓN DECIMAL UNIVERSAL
Número de la Clasificación Decimal Universal 2-533-312.47(460)"07/14"
080 ## - NÚMERO DE LA CLASIFICACIÓN DECIMAL UNIVERSAL
Número de la Clasificación Decimal Universal 75.056(460)"07/14"
100 1# - ENTRADA PRINCIPAL--NOMBRE DE PERSONA
Nombre de persona Delclaux, Federico.
9 (RLIN) 43352
245 10 - MENCIÓN DEL TÍTULO
Título Imágenes de la Virgen en los códices medievales de España /
Mención de responsabilidad, etc. Federico Delclaux.
260 ## - PUBLICACIÓN, DISTRIBUCIÓN, ETC.
Lugar de publicación, distribución, etc. [Madrid] :
Nombre del editor, distribuidor, etc. Dirección General de Bellas Artes,
Fecha de publicación, distribución, etc. [1973]
300 ## - DESCRIPCIÓN FÍSICA
Extensión 386 p. :
Otras características físicas il. col. ;
Dimensiones 31 cm.
490 1# - MENCIÓN DE SERIE
Mención de serie Arte de España ;
Designación de volumen o secuencia 5
600 04 - PUNTO DE ACCESO ADICIONAL DE MATERIA--NOMBRE DE PERSONA
Nombre de persona Virgen María-
Subdivisión general Iconografía.
9 (RLIN) 115442
710 1# - ENTRADA AGREGADA--NOMBRE DE ENTIDAD CORPORATIVA
Nombre de entidad corporativa o nombre de jurisdicción como elemento de entrada España.
Unidad subordinada Dirección General de Bellas Artes.
9 (RLIN) 3704
830 1# - PUNTO DE ACCESO ADICIONAL DE SERIE-TÍTULO UNIFORME
Título uniforme Arte de España ;
Designación de volumen o secuencia 5
9 (RLIN) 183902
852 4# - LOCALIZACIÓN
Ubicación ES-MaACL
Número de control de estantería E-13535
Encuadernación Olim P-1448
Holdings
Estatus retirado Estado de pérdida Estado de daño No para préstamo Biblioteca de origen Biblioteca actual Ubicación en estantería Fecha de adquisición Fuente de adquisición Total de préstamos Signatura topográfica completa Código de barras Visto por última vez Precio de reemplazo Tipo de ítem Koha
        Biblioteca del Ateneo de Madrid Biblioteca del Ateneo de Madrid Depósito 2 16/11/2010     E-13535 1184461 23/02/2023 23/02/2023 Libro impreso